00937 a2200193 45000010006000000050017000060080041000230030015000640400040000790800075001192450046001940200022002402640037002623000025002995050290003240410008006141000017006228560104006393464520260407155632.0260407a2014 arg spa dAR-UNSa-BCEJYS aAR-UNSa-BCEJYSbspacAR-UNSa-BCEJYS a330.834xKeynes y el keynesianismo. Neokeynesianismo. Poskeynesianismo10aPost-Keynesian economicspnew foundations a978-1-78347-528-5 1aCheltenham :bEdward Elgarc2014 axiii, 660 p.c24 cm. a1. Essentials of heterodox and post-Keynesian economics - 2. theory of choice - 3. Theory of the firm - 4. Credit, money and central banks - 5. Effective demand and employment - 6. Accumulation and capacity - 7. Open-economy macroeconomics - 8. Inflation theory - 9. Concluding remarks aspa1 aLavoie, Marc41uhttps://biblioeco.unsa.edu.ar/pmb/images/libros/postKeynesianEco.jpgyImagen de portadaqimage/jpeg